• 首页
  • 本馆介绍
  • 公告通知
  • 最新文献
  • 馆藏检索
  • 电子资源
  • 读者导购
  • 参考咨询
  • 我的图书馆
  • 登录
  • 详细信息显示
  • 放入我的书架
  • 预约/预借图书
  • 作者相关作品
  • 分类相关作品
  • 丛书相关作品
  • 出版社相关作品

书目信息

  • 表格格式
  • 工作单格式
  • 卡片格式
题名:
黄兴未刊电稿
    
 
作者: 薛君度 , 毛注青 编
分册:  
出版信息: 长沙   湖南人民出版社  1983
页数: 127页
开本: 21cm
丛书名:
单 册:
中图分类: K257.06
科图分类:
主题词: 辛亥革命--史料
电子资源:
ISBN:
000 00651nam0 2200241 45
001 0183003516
005 20060801172443.04
010    @b简易精装@dCNY0.74
091    @a11109.217
100    @a19950605d1983 em y0chiy0121 ea
101 0  @achi
102    @aCN@b430000
105    @ay z 000yy
200 10 @a黄兴未刊电稿@Ahuang xing wei kan dian gao@f薛君度,毛注青编
210    @a长沙@c湖南人民出版社@d1983
215    @a127页@d21cm
606    @a辛亥革命@x史料
690    @aK257.06@v3
701  0 @a薛君度@Axue jun du@4编
701  0 @a毛注青@Amao zhu qing@4编
801  0 @aCN@bTSSF@c20060801
801  2 @aCN@bNLC@c20060719
905    @dK257.06@e36
    
    黄兴未刊电稿/薛君度,毛注青编.-长沙:湖南人民出版社,1983
    127页;21cm
    
    
    ISBN (简易精装):CNY0.74
    
●
相关链接 在E读中查询图书 在五车中查询图书 在当当中查询图书 在豆瓣中查询图书


正题名:黄兴未刊电稿     索取号:K257.06/36         预约/预借

序号 登录号 条形码 馆藏地/架位号 状态 备注
1 0435095   204350950   密集书库/ [索取号:K257.06/36] 在馆    
2 0435096   204350969   密集书库/ [索取号:K257.06/36] 在馆    
3 0444136   204441363   密集书库/ [索取号:K257.06/36] 在馆    
唐山师范学院图书馆 欢迎您!
大连网信软件有限公司© 版权所有